<?xml version="1.0" encoding="UTF-8"?>
<collection xmlns="http://www.loc.gov/MARC21/slim">
 <record>
  <leader>02568nam a2200349 a 4500</leader>
  <controlfield tag="001">1/45348</controlfield>
  <controlfield tag="008">140826s2004    us            001 0 eng  </controlfield>
  <datafield tag="020" ind1=" " ind2=" ">
   <subfield code="a">1932266739 (electronic bk.)</subfield>
  </datafield>
  <datafield tag="020" ind1=" " ind2=" ">
   <subfield code="a">9781932266733 (electronic bk.)</subfield>
  </datafield>
  <datafield tag="020" ind1=" " ind2=" ">
   <subfield code="a">9781931836128</subfield>
  </datafield>
  <datafield tag="020" ind1=" " ind2=" ">
   <subfield code="a">1931836124</subfield>
  </datafield>
  <datafield tag="020" ind1=" " ind2=" ">
   <subfield code="a">9780080476070</subfield>
  </datafield>
  <datafield tag="020" ind1=" " ind2=" ">
   <subfield code="a">0080476074</subfield>
  </datafield>
  <datafield tag="035" ind1=" " ind2=" ">
   <subfield code="l">48308</subfield>
  </datafield>
  <datafield tag="040" ind1=" " ind2=" ">
   <subfield code="a">N$T</subfield>
   <subfield code="b">eng</subfield>
   <subfield code="c">N$T</subfield>
   <subfield code="d">OCLCQ</subfield>
   <subfield code="d">YDXCP</subfield>
   <subfield code="d">OCLCQ</subfield>
   <subfield code="d">TUU</subfield>
   <subfield code="d">OCLCQ</subfield>
   <subfield code="d">OCLCO</subfield>
   <subfield code="d">OCLCQ</subfield>
   <subfield code="d">VLB</subfield>
   <subfield code="d">VVN</subfield>
   <subfield code="d">NTG</subfield>
   <subfield code="d">BMU</subfield>
   <subfield code="d">EBLCP</subfield>
   <subfield code="d">DKDLA</subfield>
   <subfield code="d">MERUC</subfield>
   <subfield code="d">CCO</subfield>
   <subfield code="d">E7B</subfield>
   <subfield code="d">OPELS</subfield>
   <subfield code="d">FVL</subfield>
   <subfield code="d">B24X7</subfield>
   <subfield code="d">UMI</subfield>
   <subfield code="d">DEBSZ</subfield>
   <subfield code="d">OCLCQ</subfield>
   <subfield code="d">GR-PeUP</subfield>
  </datafield>
  <datafield tag="100" ind1="1" ind2=" ">
   <subfield code="a">Snedaker, Susan.</subfield>
  </datafield>
  <datafield tag="245" ind1="1" ind2="0">
   <subfield code="a">Best damn Windows server 2003 book period</subfield>
   <subfield code="h">[electronic resource] /</subfield>
   <subfield code="c">Susan Snedaker.</subfield>
  </datafield>
  <datafield tag="246" ind1="3" ind2="0">
   <subfield code="a">Windows server 2003 book period</subfield>
  </datafield>
  <datafield tag="260" ind1=" " ind2=" ">
   <subfield code="a">Rockland, MA :</subfield>
   <subfield code="b">Syngress,</subfield>
   <subfield code="c">c2004.</subfield>
  </datafield>
  <datafield tag="300" ind1=" " ind2=" ">
   <subfield code="a">1 online resource (xxxiv, 997 p.) :</subfield>
   <subfield code="b">ill.</subfield>
  </datafield>
  <datafield tag="500" ind1=" " ind2=" ">
   <subfield code="a">Includes index.</subfield>
  </datafield>
  <datafield tag="504" ind1=" " ind2=" ">
   <subfield code="a">Includes bibliographical references and index.</subfield>
  </datafield>
  <datafield tag="520" ind1=" " ind2=" ">
   <subfield code="a">In keeping with past trends, full migration to this latest Microsoft Server Operating System will begin in earnest 12 months after its release, in mid-to-late 2004. This book will hit the market just as large enterprises begin the process of moving from Windows 2000 Server to Windows Server 2003. The title says everything you need to know about this book. No other book on the market combines this breadth and depth of coverage with the kind of product expertise and quality standard expected from Syngress. Every aspect of Planning, Installing, Configuring and Troubleshooting a Windows Server 2003 network is distilled and documented, with plenty of examples and illustrations. An unlike its competition, this is a book that was written from the ground up for Windows Server 2003. * Everything a System Administrator will ever need to know about running a Windows Server 2003 network. * This is the book that meets the needs of today's Windows Server 2003 professional. * Every aspect of Planning, Installing, Configuring and Troubleshooting a Windows Server 2003 network is distilled and documented, with plenty of examples and illustrations.</subfield>
  </datafield>
  <datafield tag="630" ind1="0" ind2="0">
   <subfield code="a">Microsoft Windows server.</subfield>
  </datafield>
  <datafield tag="650" ind1=" " ind2="4">
   <subfield code="a">Operating systems (Computers).</subfield>
  </datafield>
  <datafield tag="655" ind1=" " ind2="4">
   <subfield code="a">Electronic books.</subfield>
  </datafield>
  <datafield tag="852" ind1=" " ind2=" ">
   <subfield code="a">INST</subfield>
   <subfield code="b">UNIPILB</subfield>
   <subfield code="c">EBOOKS</subfield>
   <subfield code="e">20140826</subfield>
   <subfield code="p">00b48308</subfield>
   <subfield code="q">00b48308</subfield>
   <subfield code="t">ONLINE</subfield>
   <subfield code="y">0</subfield>
  </datafield>
  <datafield tag="856" ind1="4" ind2="0">
   <subfield code="3">ScienceDirect</subfield>
   <subfield code="u">http://www.sciencedirect.com/science/book/9781931836128</subfield>
  </datafield>
  <datafield tag="856" ind1="4" ind2=" ">
   <subfield code="d">/webopac/covers/03/48308_9781931836128.jpg</subfield>
  </datafield>
  <datafield tag="856" ind1="4" ind2=" ">
   <subfield code="d">/webopac/covers/03/48308_1931836124.jpg</subfield>
  </datafield>
  <datafield tag="856" ind1="4" ind2=" ">
   <subfield code="d">/webopac/covers/03/48308_9780080476070.jpg</subfield>
  </datafield>
  <datafield tag="856" ind1="4" ind2=" ">
   <subfield code="d">/webopac/covers/03/48308_0080476074.jpg</subfield>
  </datafield>
 </record>
</collection>
